| 000 | 01438cam a2200241 4500 | ||
|---|---|---|---|
| 001 | ##L135929 | ||
| 008 | 061218n2006 000 0 eng u | ||
| 035 | _a(Sirsi) u135929 | ||
| 041 | 0 | _aeng | |
| 050 | 0 | 4 | _a721 $2 21 |
| 110 | 2 |
_aCommission for Architecture and the Built Environment _94058 |
|
| 245 | 0 | 0 | _aBetter public building |
| 260 |
_aLondon _bCABE _aLondon _bDCMS _c2006 |
||
| 505 | 1 | _aWhy good design matters -- The barriers to good design -- Leadership and recognition -- How design makes places work -- The evidence base for good design -- Delivering design quality -- What makes a good client? | |
| 520 | _aOffers practical advice for achieving high quality design in new public buildings whilst ensuring they are value for money, sustainable and a source of civic pride. Provides evidence that good design makes places work better, and outlines how public bodies can ensure users of public services benefit from good design. Includes case studies. | ||
| 520 | _aSupersedes "Better public buildings: a proud legacy for the future" (2000). | ||
| 590 | _aKA | ||
| 651 | 4 |
_aUnited Kingdom _y |
|
| 690 | _aBUILT ENVIRONMENT-CONSTRUCTION DESIGN | ||
| 710 | 1 |
_aUnited Kingdom _bDepartment for Culture, Media and Sport |
|
| 856 | 4 | 0 |
_uhttps://webarchive.nationalarchives.gov.uk/20100113232942/http://cabe.org.uk/files/better-public-building.pdf _zView the report free of charge at www.nationalarchives.gov.uk. |
| 942 | _n0 | ||
| 999 |
_c106250 _d106250 |
||